000 00156nam a2200073Ia 4500
008 170620s9999 xx 000 0 und d
100 _aMetha
245 0 _aVALUE EDUCATION
260 _bAPH PU
999 _c26342
_d26342